BIBLIOTHÈQUE DE LA MAISON DU MEXIQUE

Logo 1 Logo 2

La viuda de Fantomas (notice nᵒ 7032)

détails MARC
000 -Sello discográfico
campo de control de longitud fija 00788nam a2200289 4500
005 - Identificación de versión
campo de control 20251017062744.0
010 ## - Número Estándar Internacional de Libros (ISBN)
Número (ISBN) 968-7748-52-4
099 ## - fechas locales
Tipo de ítem Koha LIBRO
100 ## - Datos de procesamiento general
Datos de procesamiento general 20240611d1999 m y1spay5003 ba
105 ## - Campo de datos codificados: Material textual, monográfico
Datos codificados de monografía y 001ay
200 1# - Título y mención de responsabilidad
Título propio La viuda de Fantomas
Designación general del material texto impreso
Primer mención de responsabilidad Mauricio Carrera
205 ## - Declaración de edición
Declaración de edición 1a ed
210 ## - Publicación, distribución, etc.
Lugar de publicación, distribución, etc. México
Nombre del editor, distribuidor, etc. Editorial Lectorum
Fecha de publicación, distribución, etc. 1999
215 ## - Descripción física
Designación de material específico y extensión del ítem 129 p
Dimensiones 17 cm
345 ## - Nota de información de adquisición
Fuente de adquisición/dirección de la suscripción [OBSOLETO] Donación
410 #1 - Series
Título Colección Marea Alta
606 ## - Término temático usado como materia
Elemento de entrada Novela mexicana
Subdivisión cronológica Siglo XX
Número Koha 64
660 ## - Código de área geográfica
Código MX
700 ## - Nombre personal - Responsabilidad primaria
Elemento de entrada Carrera
Parte del nombre distinta del elemento de entrada Mauricio
Fechas 1959-
Número Koha 568
801 #0 - Fuente de origen
País FR
Agencia cm
Reglas de catalogación (convenciones descriptivas) AFNOR
900 ## -
-- 1/22592
900 ## -
-- 7100417642\080104
942 ## - ELEMENTOS DE ENTRADA SECUNDARIOS (KOHA)
Tipo de ítem Koha Livre
996 ## -
-- MEX
-- 751145101
-- MMAG
-- 010393
-- 863.4 C314VI
-- 20240611LIV
Exemplaires
Estatus retirado Estado de daño Estado de pérdida Fecha de adquisición Biblioteca de origen Biblioteca actual Ubicación en estantería Código de barras Precio de reemplazo Signatura topográfica completa No para préstamo Tipo de ítem Koha Nota pública Nota no pública
      05/08/2025 Casa México Paris Casa México Paris   010393 05/08/2025 863.4 C314VI   Livre 20240611LIV 751145101